000 00615nam a22002177a 4500
005 20230105093016.0
008 230105b ||||| |||| 00| 0 eng d
020 _a8171670458
040 _cAL
082 _223
_a032.02
_bPANO
100 _aDeep Narayan Pandey
_968517
245 _aOne thousand wildlife quiz
260 _aCalcutta
_bRupa & Co
_c1991
300 _a168p.
_bPB
_c18x11cm.
365 _2Others
650 _aIndian Natural History
_968518
650 _aBooks and Authors
_968519
650 _aWildlife Conservation in India
_968520
700 _aPANDEY (Deep Narayan)
_968521
942 _2ddc
_cDB
999 _c226249
_d226249